Misericordia / (Registro nro. 8550)

Detalles MARC
000 -LEADER
fixed length control field 01041nam a22003377a 4500
001 - CONTROL NUMBER
control field 0074
003 - CONTROL NUMBER IDENTIFIER
control field DO-SdBNP
005 - DATE AND TIME OF LATEST TRANSACTION
control field 20161028092901.0
007 - PHYSICAL DESCRIPTION FIXED FIELD--GENERAL INFORMATION
fixed length control field 0074
008 - FIXED-LENGTH DATA ELEMENTS--GENERAL INFORMATION
fixed length control field 151104b 1984 sp |||| 00| 0 spa d
020 ## - INTERNATIONAL STANDARD BOOK NUMBER
International Standard Book Number 8475251552
040 ## - CATALOGING SOURCE
Original cataloging agency BPMSU
Language of cataloging spa
Transcribing agency BPMSU
082 ## - DEWEY DECIMAL CLASSIFICATION NUMBER
Classification number 863.5
Item number P438m
092 ## - LOCALLY ASSIGNED DEWEY CALL NUMBER (OCLC)
Classification number
Item number
100 10 - MAIN ENTRY--PERSONAL NAME
Personal name Pérez Galdós, Benito,
Dates associated with a name 1843-1920
245 10 - TITLE STATEMENT
Title Misericordia /
Statement of responsibility, etc. Benito Pérez Galdós ; ilustración Leonardo Alenza
260 ## - PUBLICATION, DISTRIBUTION, ETC. (IMPRINT)
Place of publication, distribution, etc. Madrid :
Name of publisher, distributor, etc. Ediciones Generales Anaya,
Date of publication, distribution, etc. 1984
300 ## - PHYSICAL DESCRIPTION
Extent 317 p. :
Other physical details il. ;
Dimensions 20 cm.
490 10 - SERIES STATEMENT
Series statement Tus libros ;
Volume/sequential designation Tu problemática
490 10 - SERIES STATEMENT
Volume/sequential designation 38
504 ## - BIBLIOGRAPHY, ETC. NOTE
Bibliography, etc Incluye referencias bibliográficas y notas al pie de las páginas
504 ## - BIBLIOGRAPHY, ETC. NOTE
Bibliography, etc Bibliografías : p. 316-317
650 ## - SUBJECT ADDED ENTRY--TOPICAL TERM
Topical term or geographic name as entry element NOVELA JUVENIL ESPAÑOLA
650 ## - SUBJECT ADDED ENTRY--TOPICAL TERM
Topical term or geographic name as entry element LITERATURA ESPAÑO ESPAÑOLA
700 10 - ADDED ENTRY--PERSONAL NAME
Personal name Alenza, Leonardo,
Relator term ilustración
830 00 - SERIES ADDED ENTRY--UNIFORM TITLE
Uniform title Tus libros ;
Name of part/section of a work Tu problemática
Volume number/sequential designation 38
830 00 - SERIES ADDED ENTRY--UNIFORM TITLE
Number of part/section of a work
942 ## - ADDED ENTRY ELEMENTS (KOHA)
Source of classification or shelving scheme Dewey Decimal Classification
Koha item type Libros
956 ## - LOCAL ELECTRONIC LOCATION AND ACCESS (OCLC)
Host name Brenda Tavárez
956 ## - LOCAL ELECTRONIC LOCATION AND ACCESS (OCLC)
Host name VMATEO
Access number 10
Compression information 20161027
Path BPMSU
Electronic name 00069
Existencias
Withdrawn status Lost status Source of classification or shelving scheme Damaged status Not for loan Collection code Home library Current library Date acquired Source of acquisition Total Checkouts Full call number Barcode Date last seen Price effective from Koha item type
    Dewey Decimal Classification     Colección General Biblioteca Pública Metropolitana Salomé Ureña Biblioteca Pública Metropolitana Salomé Ureña 11/04/2015 FUNDI   863.5 P438m BPMSU15110056 11/04/2015 11/04/2015 Libros